Kommercheskie banki : strategii institut͡sionalʹno-setevogo razvitii͡a /
Saved in:
| Main Author: | |
|---|---|
| Format: | Book |
| Language: | Russian |
| Published: |
Moskva :
Market DS,
2004.
|
| Series: | Akademicheskai͡a serii͡a.
|
| Subjects: | |
| Tags: |
Add Tag
No Tags, Be the first to tag this record!
|
| LEADER | 00839nam a2200265Ia 4500 | ||
|---|---|---|---|
| 001 | 009586267-6 | ||
| 005 | 20060621100022.0 | ||
| 008 | 051226s2004 ru a b 000 0 rus d | ||
| 020 | |a 5795800929 | ||
| 035 | 0 | |a ocm62743243 | |
| 037 | |a MNW |b ORG |c NOR | ||
| 040 | |a CUY |c CUY | ||
| 043 | |a e-ru--- | ||
| 090 | |a HG3130.2.A6 |b K47 2004 | ||
| 100 | 1 | |a Khabarov, V. I. |q (Vladimir Ivanovich) | |
| 245 | 1 | 0 | |a Kommercheskie banki : |b strategii institut͡sionalʹno-setevogo razvitii͡a / |c V.I. Khabarov. |
| 260 | |a Moskva : |b Market DS, |c 2004. | ||
| 300 | |a 203 p. : |b ill. ; |c 21 cm. | ||
| 490 | 1 | |a Akademicheskai͡a serii͡a | |
| 500 | |a "Nauchnoe izdanie"--Colophon. | ||
| 504 | |a Includes bibliographical references. | ||
| 650 | 0 | |a Banks and banking |z Russia (Federation) | |
| 830 | 0 | |a Akademicheskai͡a serii͡a. | |
| 988 | |a 20050323 | ||
| 906 | |0 OCLC | ||


